000 00478nam a2200193Ia 4500
005 20250326144119.0
008 250326s9999 xx 000 0 und d
037 _aTextbook
040 _aFMSL
_beng
_cFMSL
041 _aeng
_2eng
084 _aO1113 N9
_qFMSL
100 _aDivakaruni C
_9749054
245 0 _aSister of my heart
_cDivakaruni C
260 _c1999
365 _b450
650 _aNovel
942 _cTB
_hO1113 N9
999 _c1302408
_d1302408